000 00717nam a2200241Ia 4500
003 OSt
005 20220923221900.0
006 a|||||r|||| 00| 0
007 ta
008 NEP
024 _a200,796
037 _cTextual
040 _aARTS
_cARTS
_bNEP
041 _2NEP
_aNEP
082 _aO1595,1N01w, 152M8
100 _aगोस्वामी, ओम
245 0 _aपरमानन्द अलमस्त
246 _aParamānanda alamasta
260 _aनर्इ्र दिल्ली
_b साहित्य अकादमी
_c1988
300 _a96पृ0
_ccm.
942 _hO1595,1N01w, 152M8
_cTEXL
_2CC
999 _c352468
_d352468